00359nam a2200145 a 45000010005000000030009000050080041000140400028000550820015000832450034000982600031001323000014001634900021001776500015001987126CO-ViMGA141112s2004 ck r 000 u spa d aCO-ViMGAbspacCO-ViMGA04a696.1 P56510aPlomería básica ilustrada aMexico : bTrillas, c1993 a98 p : il aSunset - trillas14aFONTANERIA